[Event "Sunningdale e2e4 op U1800 05"]
[Site "Sunningdale"]
[Date "2013.05.25"]
[Round "2"]
[White "White, Gary"]
[Black "Sanitt, Ethan"]
[Result "1-0"]
[WhiteElo "1753"]
[BlackElo "1495"]
[PlyCount "105"]
[EventDate "2013.05.25"]
[EventType "swiss"]
[EventRounds "7"]
[EventCountry "ENG"]
[SourceTitle "EXT 2014"]
[Source "ChessBase"]
[SourceDate "2013.11.20"]
[SourceVersion "1"]
[SourceVersionDate "2013.11.20"]
[SourceQuality "1"]

1. f4 d5 2. Nf3 g6 3. e3 Bg7 4. Be2 Nf6 5. d3 0-0 6. Nbd2 Ng4 7. Nf1 f5 8. h3 Nf6 9. Ng5 Nc6 10. c3 e5 11. g3 e4 12. d4 h6 13. h4 hxg5 14. hxg5 Kf7 15. gxf6 Kxf6 16. g4 Rh8 17. g5+ Ke7 18. Rxh8 Qxh8 19. Qb3 Qd8 20. Bd2 Kf7 21. Ng3 b6 22. 0-0-0 Na5 23. Qc2 Bb7 24. Rh1 Ke6 25. Be1 Qd7 26. c4 Nxc4 27. Nxe4 Nxe3 28. Qb3 fxe4 29. Qxe3 Kf7 30. f5 Qc6+ 31. Kb1 Rh8 32. Rxh8 Bxh8 33. Qh3 Kg8 34. f6 Bxf6 35. gxf6 Qxf6 36. Bg4 Qh8 37. Be6+ Kg7 38. Bh4 Qe8 39. Bg5 Qh8 40. Bf6+ Kxf6 41. Qxh8+ Kxe6 42. Qe5+ Kd7 43. Kc2 c5 44. Kc3 a5 45. Qg7+ Kc6 46. Qxg6+ Kc7 47. Qf7+ Kc6 48. a3 Kd6 49. Qxb7 e3 50. Qxb6+ Kd7 51. dxc5 d4+ 52. Kxd4 e2 53. Qb5+ 1-0

[Event "IECG QN.2001.0.00182"]
[Site "IECG email"]
[Date "2001.05.18"]
[Round "?"]
[White "Kelbl, Jiri"]
[Black "White, Gary"]
[Result "1-0"]
[WhiteElo "900"]
[BlackElo "848"]
[PlyCount "87"]
[EventDate "2001.05.18"]
[EventType "tourn (corr)"]
[EventRounds "6"]
[SourceTitle "Corr 2008"]
[Source "ChessBase"]
[SourceDate "2008.06.24"]
[SourceVersion "1"]
[SourceVersionDate "2008.06.24"]
[SourceQuality "1"]

1. e4 e6 2. d4 d5 3. e5 c5 4. Qg4 cxd4 5. Nf3 Ne7 6. Bd3 Ng6 7. 0-0 Be7 8. Re1 Nc6 9. a3 0-0 10. b4 Qc7 11. Qg3 f6 12. Bxg6 hxg6 13. Qxg6 Bd7 14. exf6 Rxf6 15. Qd3 e5 16. Qb3 Be6 17. Bb2 Raf8 18. Ng5 Qd6 19. Nxe6 Qxe6 20. f3 R6f7 21. Nd2 Qg6 22. c3 Bd6 23. cxd4 exd4 24. b5 Ne7 25. Bxd4 Qh6 26. Nf1 Qg6 27. Kh1 Qh6 28. Bxa7 Nf5 29. Bf2 g5 30. Qxd5 Bf4 31. a4 Kg7 32. a5 Rh8 33. h3 Rhf8 34. a6 bxa6 35. bxa6 Ne7 36. Qd4+ Kg8 37. Qc4 Nc6 38. Qe6 Qxe6 39. Rxe6 Na7 40. Ne3 Bxe3 41. Bxe3 Nc8 42. a7 Nxa7 43. Rxa7 Rf5 44. Rg6+ 1-0

[Event "IECG QN.2001.0.00182"]
[Site "IECG email"]
[Date "2001.05.18"]
[Round "?"]
[White "Morello, Stefano"]
[Black "White, Gary"]
[Result "1/2-1/2"]
[WhiteElo "511"]
[BlackElo "848"]
[PlyCount "90"]
[EventDate "2001.05.18"]
[EventType "tourn (corr)"]
[EventRounds "6"]
[SourceTitle "Corr 2008"]
[Source "ChessBase"]
[SourceDate "2008.06.24"]
[SourceVersion "1"]
[SourceVersionDate "2008.06.24"]
[SourceQuality "1"]

1. e4 e6 2. Nf3 d5 3. e5 c5 4. d4 cxd4 5. Nxd4 Nc6 6. Bb5 Bd7 7. Nc3 Nxe5 8. Bf4 Ng6 9. Qf3 Bb4 10. 0-0 Bxc3 11. Bxd7+ Qxd7 12. bxc3 Nxf4 13. Qxf4 Nf6 14. Rab1 0-0 15. Nf3 Rac8 16. Rb3 b6 17. Rd1 Ne4 18. Rb4 Qc7 19. Qxc7 Rxc7 20. c4 Rxc4 21. Rxc4 dxc4 22. Rd4 Nc5 23. Rxc4 Rd8 24. g3 f5 25. Kg2 Ne4 26. c3 b5 27. Rd4 Rc8 28. Ne5 Nxc3 29. Rd7 a5 30. a3 b4 31. axb4 axb4 32. Rb7 Nd5 33. Nd3 h6 34. Nxb4 Nxb4 35. Rxb4 Kf7 36. Kf3 g5 37. h4 Kg6 38. hxg5 hxg5 39. Rb3 g4+ 40. Ke3 Rc6 41. Rd3 e5 42. Rd5 e4 43. Kf4 Rf6 44. Re5 Rf8 45. Re6+ Rf6 1/2-1/2

[Event "IECG QN.2001.0.00182"]
[Site "IECG email"]
[Date "2001.05.18"]
[Round "?"]
[White "Villela, Edison"]
[Black "White, Gary"]
[Result "0-1"]
[WhiteElo "926"]
[BlackElo "848"]
[PlyCount "36"]
[EventDate "2001.05.18"]
[EventType "tourn (corr)"]
[EventRounds "6"]
[SourceTitle "Corr 2008"]
[Source "ChessBase"]
[SourceDate "2008.06.24"]
[SourceVersion "1"]
[SourceVersionDate "2008.06.24"]
[SourceQuality "1"]

1. e4 c5 2. Nc3 d6 3. Nf3 Nf6 4. Bc4 e6 5. 0-0 Be7 6. d3 0-0 7. e5 dxe5 8. Nxe5 Bd6 9. Re1 Bxe5 10. Rxe5 Nc6 11. Rxc5 Na5 12. Bb5 a6 13. Ba4 b6 14. Rg5 b5 15. Bb3 Nxb3 16. axb3 Bb7 17. Be3 Nd5 18. Nxd5 exd5 0-1